LEADER 01349nab a2200385 i 4500
001 publ22930
005 20211126090010.0
008 211126s2021 hu o 0|| Angol d
022 |a 0930-2794 
024 7 |a 10.1007/s00464-021-08525-8  |2 doi 
024 7 |a 32507977  |2 mtmt 
040 |a SZTE Publicatio Repozitórium  |b hun 
041 |a Angol 
100 1 |a Tsai Alice 
245 1 4 |a The impact of EAES Fellowship Programme  |h [elektronikus dokumentum] :  |b a five‑year review and evaluation /  |c  Tsai Alice 
260 |c 2021 
490 0 |a SURGICAL ENDOSCOPY AND OTHER INTERVENTIONAL TECHNIQUES 
650 4 |a Egyéb orvostudományok 
700 0 1 |a Soltes Marek  |e aut 
700 0 1 |a Lesko Dusan  |e aut 
700 0 1 |a Adamina Michel  |e aut 
700 0 1 |a Andrejevic Pedrag  |e aut 
700 0 1 |a Bjelovic Milos  |e aut 
700 0 1 |a Campbell Kenneth  |e aut 
700 0 1 |a Coleman Mark  |e aut 
700 0 2 |a de Manzini Nicoló  |e aut 
700 0 2 |a Delibegovic Samir  |e aut 
700 0 2 |a Majewski Wlodzimierz  |e aut 
700 0 2 |a Malanowska Ewelina  |e aut 
700 0 2 |a Martinek Lubomir  |e aut 
700 0 2 |a Sedman Peter  |e aut 
700 0 2 |a Lázár György ifj.  |e aut 
700 0 2 |a Tsalis Konstantinos  |e aut 
700 0 2 |a Popa Dorin  |e aut 
856 4 0 |u http://publicatio.bibl.u-szeged.hu/22930/1/AliceTsai.....LazarGyorgyTheimpactofEAESFellowshipProgramme.pdf  |z Dokumentum-elérés